Time-saver standards for interior design and space planning / (Record no. 352138)

000 -LEADER
fixed length control field 01270 a2200313 4500
003 - CONTROL NUMBER IDENTIFIER
control field OSt
005 - DATE AND TIME OF LATEST TRANSACTION
control field 20180116192324.0
008 - FIXED-LENGTH DATA ELEMENTS--GENERAL INFORMATION
fixed length control field 120208t xxu||||| |||| 00| 0 eng d
010 ## - LIBRARY OF CONGRESS CONTROL NUMBER
LC control number 2001030504
020 ## - INTERNATIONAL STANDARD BOOK NUMBER
International Standard Book Number 0071346163 (alk. paper)
040 ## - CATALOGING SOURCE
Transcribing agency 0
082 00 - DEWEY DECIMAL CLASSIFICATION NUMBER
Classification number 729
100 1# - MAIN ENTRY--PERSONAL NAME
Personal name De Chiara, Joseph, \d 1929-
245 10 - TITLE STATEMENT
Title Time-saver standards for interior design and space planning /
Statement of responsibility, etc. by Joseph De Chiara, Julius Panero and Martin Zelnik.
250 ## - EDITION STATEMENT
Edition statement 2nd ed.
260 ## - PUBLICATION, DISTRIBUTION, ETC.
Place of publication, distribution, etc. New York :
Name of publisher, distributor, etc. McGraw-Hill,
Date of publication, distribution, etc. c2001.
300 ## - PHYSICAL DESCRIPTION
Extent xix, 1689 p., [16] p. of plates :
Other physical details ill. (some col.) ;
Dimensions 29 cm.
500 ## - GENERAL NOTE
General note Includes index.
650 #0 - SUBJECT ADDED ENTRY--TOPICAL TERM
Topical term or geographic name entry element Interior decoration
General subdivision Standards
650 #0 - SUBJECT ADDED ENTRY--TOPICAL TERM
Topical term or geographic name entry element Interior architecture
General subdivision Standards
700 1# - ADDED ENTRY--PERSONAL NAME
Personal name Panero, Julius.
700 1# - ADDED ENTRY--PERSONAL NAME
Personal name Zelnik, Martin,
Dates associated with a name 1939-
856 42 - ELECTRONIC LOCATION AND ACCESS
Materials specified Contributor biographical information
Uniform Resource Identifier <a href="http://www.loc.gov/catdir/bios/mh041/2001030504.html">http://www.loc.gov/catdir/bios/mh041/2001030504.html</a>
856 42 - ELECTRONIC LOCATION AND ACCESS
Materials specified Publisher description
Uniform Resource Identifier <a href="http://www.loc.gov/catdir/description/mh021/2001030504.html">http://www.loc.gov/catdir/description/mh021/2001030504.html</a>
856 42 - ELECTRONIC LOCATION AND ACCESS
Materials specified Table of contents
Uniform Resource Identifier <a href="http://www.loc.gov/catdir/toc/mh021/2001030504.html">http://www.loc.gov/catdir/toc/mh021/2001030504.html</a>
942 ## - ADDED ENTRY ELEMENTS (KOHA)
Institution code [OBSOLETE] SADA
Koha item type Book
Call number prefix 729 DEC 2001
Source of classification or shelving scheme
Holdings
Withdrawn status Lost status Source of classification or shelving scheme Damaged status Not for loan Permanent Location Current Location Date acquired Total Checkouts Total Renewals Full call number Barcode Date last seen Date last checked out Copy number Cost, replacement price Price effective from Koha item type
          School of Art Design and Architecture (SADA) School of Art Design and Architecture (SADA) 08/30/2010 22 11 729 DEC 2001 SADA0000072 03/09/2016 03/08/2016 02 0.00 08/05/2011 Book
          School of Art Design and Architecture (SADA) School of Art Design and Architecture (SADA) 08/30/2010 21 7 729 DEC 2001 SADA0000073 03/28/2016 03/08/2016 03 0.00 08/05/2011 Book
          School of Art Design and Architecture (SADA) School of Art Design and Architecture (SADA) 06/11/2010 1   729 DEC 2001 SADA0000022 12/17/2014 12/09/2014 01 5912.01 08/05/2011 Book
© 2023 Central Library, National University of Sciences and Technology. All Rights Reserved.